Los parásitos animales del hombre y de los animales domésticos / (Record no. 63697)

MARC details
000 -LEADER
campo de control de longitud fija 00804nam a2200217 i 4500
001 - NÚMERO DE CONTROL
campo de control 63697
003 - IDENTIFICADOR DE NÚMERO DE CONTROL
campo de control ES-MaACL
005 - FECHA Y HORA DE LA ÚLTIMA TRANSACCIÓN
campo de control 20230906164938.0
007 - CAMPO FIJO DE DESCRIPCIÓN FÍSICA--INFORMACIÓN GENERAL
campo de control de longitud fija t|
008 - DATOS DE LONGITUD FIJA--INFORMACIÓN GENERAL
campo de control de longitud fija 031216s1942 sp ||||1| spa d
100 1# - ENTRADA PRINCIPAL--NOMBRE DE PERSONA
Nombre de persona Fiebiger, Josef.
9 (RLIN) 50693
245 14 - MENCIÓN DEL TÍTULO
Título Los parásitos animales del hombre y de los animales domésticos /
Mención de responsabilidad, etc. por Josef Fiebiger ; versión de la 3ª edición alemana por Carlos Luis de Cuenca y Rodolfo Reichert.
260 ## - PUBLICACIÓN, DISTRIBUCIÓN, ETC.
Lugar de publicación, distribución, etc. Madrid :
Nombre del editor, distribuidor, etc. [s.n.],
Fecha de publicación, distribución, etc. 1942 (
Fabricante Viuda de Pueyo)
300 ## - DESCRIPCIÓN FÍSICA
Extensión XVI, 516 p., 1 lám. :
Otras características físicas il. ;
Dimensiones 24 cm.
490 1# - MENCIÓN DE SERIE
Mención de serie Biblioteca de biología aplicada
700 1# - ENTRADA AGREGADA--NOMBRE PERSONAL
Nombre de persona Cuenca, Carlos Luis de.
9 (RLIN) 41995
700 1# - ENTRADA AGREGADA--NOMBRE PERSONAL
Nombre de persona Reichert, Rodolfo.
9 (RLIN) 95966
830 0# - PUNTO DE ACCESO ADICIONAL DE SERIE-TÍTULO UNIFORME
Título uniforme Biblioteca de biología aplicada
9 (RLIN) 182901
852 ## - LOCALIZACIÓN
Ubicación ES-MaACL
Número de control de estantería E-1624
Sublocalización o colección R.27347
Holdings
Estatus retirado Estado de pérdida Estado de daño No para préstamo Biblioteca de origen Biblioteca actual Ubicación en estantería Fecha de adquisición Fuente de adquisición Total de préstamos Signatura topográfica completa Código de barras Visto por última vez Precio de reemplazo Tipo de ítem Koha
        Biblioteca del Ateneo de Madrid Biblioteca del Ateneo de Madrid Depósito 2 17/01/2008     E-1624 1066757 23/02/2023 23/02/2023 Libro impreso